000
00307nam a2200133Ia 4500
100
_a
Heldt/ P.M./ Arora/ B.D.
942
_c
BK
654
_a
combustion engine
245
_a
High speed combustion engine
260
_b
Oxford & IBH
_a
Calcutta
_c
1965
082
_a
621.43
300
_a
805
546
_a
ENGLISH
999
_c
28836
_d
28836